| 000 | 00562 a2200169 4500 | ||
|---|---|---|---|
| 003 | OSt | ||
| 005 | 20250610114448.0 | ||
| 008 | 250531b |||||||| |||| 00| 0 eng d | ||
| 020 | _a9788119847112 | ||
| 040 | _coclc | ||
| 082 |
_a658.40954 _bJOY/I |
||
| 100 |
_aJoy, Simy _910582 |
||
| 245 |
_aIndian cases in organizational behaviour : _bInsights for leading individuals and teams / _cSimy Joy, Payal Anand, Priya Nair Rajeev |
||
| 260 |
_bPearson, _c2024. |
||
| 300 | _a127 pages | ||
| 942 |
_2ddc _cBK _h658.40954 _iJOY/I _k658.40954 _mJOY/I |
||
| 999 |
_c44511 _d44511 |
||